Answers Contain "Coast" Quiz - Statistics

General Stats
  • This quiz has been taken 108 times
    59 since last reset
  • The average score is 11 of 23
Answer Stats
Hint Answer % Correct
French-speaking country in West Africa (part of the above) Ivory Coast
88%
City in Queensland, Australia. Home of the Surfers Paradise Gold Coast
83%
Central American country, that abolished its military Costa Rica
76%
The Notorious B.I.G.'s side during the Hip Hop rivalry in the '90s East Coast
69%
Branch of the United States Armed Forces US Coast Guard
69%
A coast stretching from Brownsville, TX to Key West, FL US Gulf Coast
64%
"Blue Coast" shared by France and Monaco Côte d'Azur
57%
Subgenre of Cool Jazz, played by Chet Baker and Dave Brubeck West Coast Jazz
52%
African gulf region. Many countries bear its name Guinea Coast
50%
Tourist region on the Yucatán Peninsula, named after a mesoamerican civilization. Costa Maya
48%
Disgraceful African coast near the Bight of Benin Slave Coast
45%
"Harsh" Catalan coast on the Mediterranean Costa Brava
38%
Belgian chocolate brand, named after the old name of contemporary Ghana Côte d'Or
38%
Floridian rocket launch site around Cape Canaveral Space Coast
38%
Islamic coast in East Africa, known for its trade route and its lingua franca Swahili Coast
38%
Notable Italian tourist destination on the Tyrrhenian Sea in Campania Amalfi Coast
36%
Andalusian shoreline region around Málaga in Southern Spain Costa del Sol
36%
Coast in the Maghreb, named after the Berber people Barbary Coast
29%
Northern Irish coast famous for its basalt columns Causeway Coast
24%
County in the Bay Area, opposite to San Francisco Contra Costa County
24%
Former British protectorate in the Caribbean (today part of Nicaragua and Honduras) Mosquito Coast
21%
Coast of the Namib Desert, sailors once referred to it as "The Gates of Hell" Skeleton Coast
14%
Colonial name of the lands of modern-day Liberia Pepper / Grain Coast
12%
No matching quizzes found
Score Distribution
Percent of People with Each Score
Percentile by Number Answered
Your Score History
You have not taken this quiz since the last reset